| 000 | 01208nam a22003497a 4500 | ||
|---|---|---|---|
| 003 | CHAP | ||
| 005 | 20220329142318.0 | ||
| 008 | 000609d2000 mx r 00110 spa d | ||
| 010 | _a81496 | ||
| 011 | _a82468 | ||
| 035 | _a92964 | ||
| 040 | _cCHAP | ||
| 090 | _aTesis | ||
| 100 | 0 | 0 |
_aTrenado Cervantes, Víctor. _9114816 |
| 245 | 1 | 0 |
_aSituación y análisis de los sistemas de producción ovina en México _c/por Víctor Trenado Cervantes |
| 260 |
_aChapingo, Méx. : _bEl autor, _c2000. |
||
| 300 | _a51 h. | ||
| 502 | _aTesis (Ing. Agr. Esp. en Zootecnia) -- UACH. Departamento de Zootecnia | ||
| 590 |
_aALEPH _b10 _c20130110 _lUCH01 _h1436 |
||
| 590 |
_aBATCH-UPD _b10 _c20130110 _lUCH01 _h0702 |
||
| 590 |
_aBATCH-UPD _b10 _c20130410 _lUCH01 _h0348 |
||
| 590 |
_aBATCH-UPD _b10 _c20130914 _lUCH01 _h1514 |
||
| 590 |
_aCONVERSION _b10 _c20130109 _lUCH01 _h1345 |
||
| 650 | 1 | 4 |
_aGanado lanar _xMéxico. _945198 |
| 650 | 1 | 4 |
_aGanado lanar _xProducción. _945214 |
| 650 | 1 | 4 |
_aSistemas de producción animal. _9106771 |
| 901 | _aBK | ||
| 905 | _aAlejandra Carrasco M. | ||
| 942 | _cFOLL | ||
| 949 |
_bBC _cTES _d33724000783668 _eTS2 _fc.2 _h36581 _i92964 _si |
||
| 949 |
_bBC _cTES _d929641 _eTS1 _h36580 _i92964 _sb |
||
| 999 |
_c81496 _d81496 |
||